LDR 00863naa#a2200205#i#450# 001 EN\\bibl\121635 005 20260607195223.7 011 ## _a0536-101X 100 ## _a20251226b2025####ek#y0engy0150####ca 101 0# _aRUS 102 ## _aRU 200 1# _aCartographic Analysis of Risks Associated with Automobile Routes Based on Data on Road Accidents Using Case-Based Reasoning _eJournal article 210 1# _aMoscow _cMIIGAiK _d2025 215 ## _a16 с. 608 ## _aJournal article _2local 675 ## _aПрикладные системы искусственного интеллекта. Интеллектуальные системы, обладающие знаниями. 004.89 _zRUS 686 ## _aИскусственный интеллект. 28.23 _2grnti 700 #1 _aBelyakov _gStanislav Leonidovich 700 #1 _aIzrailev _gLev Alekseevich 856 4# _amiigaik.editorum.ru _u